International Financial Statistics, October 2017.

This paper discusses that for ease of comparison between the nominal effective exchange rate index and the real effective exchange rate index, the average exchange rate expressed in terms of US dollars per unit of each of the national currencies. In both cases, an increase in the index reflects an a...

Fuld beskrivelse

Bibliografiske detaljer
Institution som forfatter: International Monetary Fund. Statistics Dept
Format: Tidsskrift
Sprog:English
Udgivet: Washington, D.C. : International Monetary Fund, 2017.
Serier:International Financial Statistics; International Financial Statistics ; No. 2017/010
Online adgang:Full text available on IMF
LEADER 02063cas a2200241 a 4500
001 AALejournalIMF017379
008 230101c9999 xx r poo 0 0eng d
020 |c 50.00 USD 
020 |z 9781475572223 
022 |a 0252-3027 
040 |a BD-DhAAL  |c BD-DhAAL 
110 2 |a International Monetary Fund.  |b Statistics Dept. 
245 1 0 |a International Financial Statistics, October 2017. 
264 1 |a Washington, D.C. :  |b International Monetary Fund,  |c 2017. 
300 |a 1 online resource (1042 pages) 
490 1 |a International Financial Statistics 
500 |a <strong>Off-Campus Access:</strong> No User ID or Password Required 
500 |a <strong>On-Campus Access:</strong> No User ID or Password Required 
506 |a Electronic access restricted to authorized BRAC University faculty, staff and students 
520 3 |a This paper discusses that for ease of comparison between the nominal effective exchange rate index and the real effective exchange rate index, the average exchange rate expressed in terms of US dollars per unit of each of the national currencies. In both cases, an increase in the index reflects an appreciation. Because of certain data-related limits, particularly where IMF estimates have been used, data users need to exercise considerable caution in interpreting movements in nominal effective and real effective exchange rates. The IMF publishes calculated effective exchange rates data only for countries that have given their approval. Similar indices that are calculated by country authorities may contain different results. For manufactured goods, trade by type of good and market is distinguished in the database. For primary products, the weights assigned depend principally on a country's role as a global supplier or buyer of the product. 
538 |a Mode of access: Internet 
830 0 |a International Financial Statistics; International Financial Statistics ;  |v No. 2017/010 
856 4 0 |z Full text available on IMF  |u http://elibrary.imf.org/view/books/041/24002-9781475572223-en/24002-9781475572223-en-book.xml  |z IMF e-Library